Cải thiện bơm đuôi tôm ly tâm

Guardat en:
Dades bibliogràfiques
Autor principal: Nguyễn Văn Chuẩn
Format: Llibre
Idioma:Undetermined
Publicat: Cần Thơ Viện Đại Học Cần Thơ - Trường Cao Đẳng Nông Nghiệp 1972
Matèries:
Etiquetes: Afegir etiqueta
Sense etiquetes, Sigues el primer a etiquetar aquest registre!
Thư viện lưu trữ: Trung tâm Học liệu Trường Đại học Cần Thơ
LEADER 00625nam a2200181Ia 4500
001 CTU_33483
008 210402s9999 xx 000 0 und d
082 |a 631.3 
082 |b Ch405 
100 |a Nguyễn Văn Chuẩn 
245 0 |a Cải thiện bơm đuôi tôm ly tâm 
245 0 |c Nguyễn Văn Chuẩn 
260 |a Cần Thơ 
260 |b Viện Đại Học Cần Thơ - Trường Cao Đẳng Nông Nghiệp 
260 |c 1972 
650 |a agricultural machinery,farm equipment,pumping mahinery 
904 |i Minh, 991029 
980 |a Trung tâm Học liệu Trường Đại học Cần Thơ